<?xml version="1.0" encoding="UTF-8"?>
<record
    xmlns:xsi="http://www.w3.org/2001/XMLSchema-instance"
    xsi:schemaLocation="http://www.loc.gov/MARC21/slim http://www.loc.gov/standards/marcxml/schema/MARC21slim.xsd"
    xmlns="http://www.loc.gov/MARC21/slim">

  <leader>03260nam a22002897a 4500</leader>
  <datafield tag="952" ind1=" " ind2=" ">
    <subfield code="0">0</subfield>
    <subfield code="1">0</subfield>
    <subfield code="2">ddc</subfield>
    <subfield code="4">0</subfield>
    <subfield code="7">0</subfield>
    <subfield code="8">EPCF2</subfield>
    <subfield code="a">BABA</subfield>
    <subfield code="b">BABA</subfield>
    <subfield code="c">SALA1</subfield>
    <subfield code="d">2009-05-16</subfield>
    <subfield code="e">CP</subfield>
    <subfield code="i">35120294</subfield>
    <subfield code="o">657.523 AN553 2008</subfield>
    <subfield code="p">BABA17110905</subfield>
    <subfield code="y">BK</subfield>
  </datafield>
  <datafield tag="999" ind1=" " ind2=" ">
    <subfield code="c">4213</subfield>
    <subfield code="d">4213</subfield>
  </datafield>
  <controlfield tag="001">UTEA</controlfield>
  <controlfield tag="005">20220303142306.0</controlfield>
  <controlfield tag="006">g||||gr||||||01 nz</controlfield>
  <controlfield tag="007">ta</controlfield>
  <controlfield tag="008">171127b        pe||||| |||| 00| 0 esp d</controlfield>
  <datafield tag="040" ind1=" " ind2=" ">
    <subfield code="a">UTEA</subfield>
  </datafield>
  <datafield tag="041" ind1=" " ind2=" ">
    <subfield code="a">Es</subfield>
  </datafield>
  <datafield tag="044" ind1=" " ind2=" ">
    <subfield code="a">PER</subfield>
  </datafield>
  <datafield tag="082" ind1=" " ind2=" ">
    <subfield code="a">657.523</subfield>
    <subfield code="b">AN553</subfield>
  </datafield>
  <datafield tag="100" ind1=" " ind2=" ">
    <subfield code="a">Andrade Espinoza, Sim&#xF3;n</subfield>
    <subfield code="c">CPC.</subfield>
    <subfield code="e">Autor </subfield>
  </datafield>
  <datafield tag="245" ind1=" " ind2=" ">
    <subfield code="a">Normas Internacionales de Contabilidad</subfield>
    <subfield code="c">Sim&#xF3;n Andrade Espinoza</subfield>
  </datafield>
  <datafield tag="250" ind1=" " ind2=" ">
    <subfield code="a">5ta edici&#xF3;n</subfield>
  </datafield>
  <datafield tag="260" ind1=" " ind2=" ">
    <subfield code="a"> Lima - Per&#xFA;</subfield>
    <subfield code="b"> Editorial y Librer&#xED;a Andrade</subfield>
    <subfield code="c">2008</subfield>
  </datafield>
  <datafield tag="300" ind1=" " ind2=" ">
    <subfield code="a">672 p&#xE1;ginas.</subfield>
    <subfield code="b">Cuadros, Figuras.</subfield>
    <subfield code="c">14.9 x 21 cm.</subfield>
  </datafield>
  <datafield tag="505" ind1=" " ind2=" ">
    <subfield code="a">El comit&#xE9; de las normas internacionales de contabilidad. -- Estados financieros. -- Presentaci&#xF3;n de los estados financieros. -- Existencias. -- Estados financieros consolidados. -- Tratamiento contable de la depreciaci&#xF3;n. -- Revelaci&#xF3;n de la informaci&#xF3;n en los estados financieros. -- Tratamiento contable de los precios cambiantes. -- Estados de flujo de efectivo. -- Utilidad o p&#xE9;rdida neta del ejercicio, errores sustanciales y cambios en pol&#xED;ticas contables. -- Costos de investigaci&#xF3;n y desarrollo. -- Secesos posteriores a fecha del balance general. -- Contratos de construcci&#xF3;n. -- Impuestos a la renta. -- Presentaci&#xF3;n de activos y pasivos circulantes. -- Informaci&#xF3;n por segmentos. -- Las informaciones que reflejan los efectos de los precios cambiantes. -- Inmuebles, maquinaria y equipo. -- Arrendamientos. -- Ingresos. -- Beneficios a los trabajadores. -- Tratamiento contable de subsidios gubernamentales y revaluaciones referente a la asistencia gubernamental. -- Efectos de variaciones en tipos de cambio. -- Fusi&#xF3;n de negocios. -- Costo de financiamiento. -- Revelaciones sobre entes vinculados. -- Tratamiento contable de las inversiones. -- Tratamiento contable y presentaci&#xF3;n de la informaci&#xF3;n de planes de prestaci&#xF3;n de jubilaci&#xF3;n. -- Estados financieros consolidados y tratamiento contable de las inversiones. -- Tratamiento contable y presentaci&#xF3;n de la informaci&#xF3;n de planes de prestaci&#xF3;n de jubilaci&#xF3;n. -- Estados financieros consolidados y tratamiento contable de las inversiones en subsidiarias. -- Contabilizaci&#xF3;n de inversiones en asociadas. -- Presentaci&#xF3;n de la informaci&#xF3;n financiera en ambientes de econom&#xED;a hiperinflacionaria. -- Revelaciones en los estados financieros de los bancos e instituciones financieras. -- Informes financieros de participaci&#xF3;n en asociaciones en participaci&#xF3;n. -- Instrumentos financieros: revelaci&#xF3;n y presentaci&#xF3;n. -- Utilidad por acci&#xF3;n. -- Informes financieros intermedios. -- Operaciones discontinuadas. -- Desvalorizaci&#xF3;n de activos. -- Provisiones, activos y pasivos contingentes. -- Activos intangibles. -- Instrumentos financieros: reconocimiento y medici&#xF3;n. -- Inversi&#xF3;n inmobiliaria. -- Agricultura. -- Miner&#xED;a.</subfield>
  </datafield>
  <datafield tag="520" ind1=" " ind2=" ">
    <subfield code="a">El prop&#xF3;sito de este texto es presentar un texto revisado y actualizado de las Normas Internacionales de Contabilidad.</subfield>
  </datafield>
  <datafield tag="650" ind1=" " ind2="0">
    <subfield code="a">PREPARACI&#xD3;N Y PRESENTACI&#xD3;N DE LOS ESTADOS FINANCIEROS</subfield>
    <subfield code="9">3562</subfield>
  </datafield>
  <datafield tag="650" ind1=" " ind2="0">
    <subfield code="a">ESTADOS FINANCIEROS</subfield>
    <subfield code="9">46129</subfield>
  </datafield>
  <datafield tag="650" ind1=" " ind2="0">
    <subfield code="a">NORMAS INTERNACIONALES DE CONTABILIDAD</subfield>
    <subfield code="9">46130</subfield>
  </datafield>
  <datafield tag="653" ind1=" " ind2=" ">
    <subfield code="a">CONTABILIDAD </subfield>
    <subfield code="a">NORMAS </subfield>
    <subfield code="a">INTERNACIONALES </subfield>
  </datafield>
  <datafield tag="942" ind1=" " ind2=" ">
    <subfield code="2">ddc</subfield>
    <subfield code="c">BK</subfield>
    <subfield code="z">Mag. Cecilio Flores Noa</subfield>
    <subfield code="e">2021-08-24</subfield>
  </datafield>
</record>
